Century for freedom:survey of the french "Philosophers" (Record no. 416254)

000 -LEADER
fixed length control field 00447cam a22001337a 4500
008 - FIXED-LENGTH DATA ELEMENTS--GENERAL INFORMATION
fixed length control field 180718b1946 xxu||||| |||| 00| 0 eng d
082 ## - DEWEY DECIMAL CLASSIFICATION NUMBER
Classification number AAx44 ur9
100 ## - MAIN ENTRY--PERSONAL NAME
Personal name Urwin, Kenneth
245 ## - TITLE STATEMENT
Title Century for freedom:survey of the french "Philosophers"
Statement of responsibility, etc. by Kenneth Urwin
260 ## - PUBLICATION, DISTRIBUTION, ETC.
Place of publication, distribution, etc. London
Name of publisher, distributor, etc. Watts
Date of publication, distribution, etc. 1946
300 ## - PHYSICAL DESCRIPTION
Extent 113p
440 ## - SERIES STATEMENT/ADDED ENTRY--TITLE
Title Thinker's library, No. 109
650 ## - SUBJECT ADDED ENTRY--TOPICAL TERM
Topical term or geographic name entry element Philosophy, French.Philosophers -France.Eighteenth century.Encyclopedists.
Holdings
Withdrawn status Lost status Damaged status Not for loan Permanent Location Current Location Date acquired Full call number Barcode Date last seen Price effective from Koha item type
        Indian Institute of Public Administration Indian Institute of Public Administration 2009-03-13 AAx44 ur9 31371 2018-07-21 2018-07-21 Book

Powered by Koha